000 00608nam a22002177a 4500
003 UA-OsUOA
001 7489
007 ta
008 20040622b un ||||| |||| 00| 0 ukr d
100 _aТокао Хіно
700 _aБондаренко Іван
942 _cSA
040 _aUA-OsUOA
_bukr
_cUA-OsUOA
_dUA-OsUOA
245 _aЯпонці знайомляться з українською мовою
_cХіно Токао
300 _aС.32-36
955 _a0
041 _aukr
044 _aUA
773 0 _w0
_tВсесвіт
_dК.
_d2004
650 7 _aЛітературознавство
_2UDC
999 _c293650
_d293650